000 00542nam a2200217Ia 4500
003 OSt
005 20220928145642.0
006 a|||||r|||| 00| 0
007 ta
008 220927b |||||||| |||| 00| 0 eng d
024 _a81623
037 _cTextual
040 _aSDCL
_cSDCL
_beng
041 _2eng
_aeng
082 _aO-,2J64,3:g(Y), K9
100 _aCody Richard
_9513808
245 0 _aLandscape of the mind
260 _c1969
942 _hO-,2J64,3:g(Y), K9
_cTEXL
_2CC
999 _c834470
_d834470